| 000 | 00765nam a2200217 a 4500 | ||
|---|---|---|---|
| 005 | 20140310183448.0 | ||
| 008 | 081127s19uu xx 00 eng d | ||
| 020 | _a9781847203274 | ||
| 050 |
_aHB 615 _b.R48 2007 |
||
| 245 |
_aEntrepreneurship, competitiveness and local development : _bfrontiers in European entrepreneurship research / _cedited by Landoli, Luca et al. |
||
| 260 |
_aUnited Kingdom : _bEdward Elgar Publishing, _c2007. |
||
| 300 |
_a279 p. : _b25 cm. |
||
| 521 | _aBSBA | ||
| 650 |
_aEntrepreneurship _xResearch _xEurope _xCongresses. |
||
| 650 |
_aNew business enterprises _xResearch _xEurope _xCongresses. |
||
| 650 | _aIandoli, Luca, 1972-. | ||
| 700 | _aLandstrom, Hans | ||
| 700 | _aRaffa, Mario | ||
| 942 |
_cBK _2lcc _kFOR |
||
| 999 |
_c23296 _d23296 |
||